Australian administrative procedures /

This book is about: The office worker; Using the telephone; Processing the email; Producing documents and processing information; Filing and indexing; ...

Zapisane w:
Opis bibliograficzny
Format: Książka
Język:English
Wydane: South Melbourne : Nelson, 1993.
Wydanie:2nd ed.
Hasła przedmiotowe:
Etykiety: Dodaj etykietę
Nie ma etykietki, Dołącz pierwszą etykiete!
Thư viện lưu trữ: Mạng thư viện Đại học Đà Nẵng
LEADER 01193cam a2200373 i 4500
001 000049159
003 8892
005 20051111142629.0
008 010324b1993 vm 000 eng
020 |a 0170087840 
040 |a IRC  |c IRC  |d IRC 
041 0 |a eng 
082 1 4 |a 651.028  |b Au-A 
245 0 0 |a Australian administrative procedures /  |c editors: Brian Elkner, Jenny Craig ; project consultant Judy Day ; contributors Jenny Craig .. [et al.] 
250 |a 2nd ed. 
260 |a South Melbourne :  |b Nelson,  |c 1993. 
300 |a 353 p. ;  |c 24cm. 
520 3 |a This book is about: The office worker; Using the telephone; Processing the email; Producing documents and processing information; Filing and indexing; ... 
630 0 4 |a Office practice. 
630 0 4 |a Automation. 
650 0 4 |a Office practice  |x Automation. 
650 0 4 |a Office management. 
650 0 4 |a Office practice. 
650 0 4 |a Office practice  |x Problems, exercises, etc. 
OWN |a DUT 
999 |a From the UDN01 
TYP |a Monograph 
TYP |a Printed language 
980 |a Mạng thư viện Đại học Đà Nẵng